Reasons for implementing public private partnership projects (Record no. 81573)

MARC details
000 -LEADER
fixed length control field 01262cab a22002535a 4500
001 - CONTROL NUMBER
control field L147583
008 - FIXED-LENGTH DATA ELEMENTS--GENERAL INFORMATION
fixed length control field 090527s2009 xxkd f 000 0 eng d
035 ## - SYSTEM CONTROL NUMBER
System control number (Sirsi) u147583
041 0# - LANGUAGE CODE
Language code of text/sound track or separate title eng
100 1# - MAIN ENTRY--PERSONAL NAME
Personal name Cheung, Esther
245 00 - TITLE STATEMENT
Title Reasons for implementing public private partnership projects
Remainder of title perspectives from Hong Kong, Australian and British practitioners
260 ## - PUBLICATION, DISTRIBUTION, ETC.
Date of publication, distribution, etc. 2009
490 #0 - SERIES STATEMENT
Series statement Journal of Property Investment and Finance
Volume/sequential designation 27(1) 2009, 81-95(15)
520 ## - SUMMARY, ETC.
Summary, etc. Presents the findings of a comparative study investigating the reasons for implementing Public Private Partnerships (PPP) projects in Hong Kong, Australia and the United Kingdom. Outlines PPP experience in the three countries. Discusses the study's methodology and findings. Concludes that the study should indicate to practitioners the main reasons for implementing PPP projects and give a clearer understanding of such projects across geographic borders.Tables and figures. References.
590 ## - LOCAL NOTE (RLIN)
Local note KA
651 #4 - SUBJECT ADDED ENTRY--GEOGRAPHIC NAME
Geographic name United Kingdom
Chronological subdivision
651 4# - SUBJECT ADDED ENTRY--GEOGRAPHIC NAME
Geographic name Hong Kong
651 #4 - SUBJECT ADDED ENTRY--GEOGRAPHIC NAME
Geographic name Australia
651 #4 - SUBJECT ADDED ENTRY--GEOGRAPHIC NAME
Geographic name International
690 ## - LOCAL SUBJECT ADDED ENTRY--TOPICAL TERM (OCLC, RLIN)
Topical term or geographic name as entry element BUILT ENVIRONMENT-CONSTRUCTION MANAGEMENT-CONSTRUCTION PLANNING
700 1# - ADDED ENTRY--PERSONAL NAME
Personal name Chan, Albert P.C.
700 1# - ADDED ENTRY--PERSONAL NAME
Personal name Kajewski, Stephen
942 ## - ADDED ENTRY ELEMENTS (KOHA)
Suppress in OPAC 0

No items available.